Angry birds - Stella. Willow na scénu /

Hlavní autor: Rouhiainen, Elina, 1988-
Další autoři: Egea, Diana
Jazyk: Čeština
Vydáno: Praha : CooBoo, 2015
Vydání: 1. vyd.
Témata:
Fyzický popis: 103 s. : il. (některé barev.) ; 19 cm
Knihy
Uloženo v:
LEADER 01483nam a2200433 a 4500
001 nkc20152682746
003 CZ PrNK
005 20150903104927.0
007 ta
008 150309s2015 xr a c 000 j cze
015 |a cnb002682746 
020 |a 978-80-7447-802-4  |q (váz.) 
035 |a (OCoLC)908821832 
040 |a ABA001  |b cze 
041 1 |a cze  |h eng 
072 7 |a 821-93  |x Literatura pro děti a mládež (beletrie)  |2 Konspekt  |9 26 
080 |a 821-32  |2 MRF 
080 |a 821-93  |2 MRF 
080 |a (0:82-32)  |2 MRF 
100 1 |a Rouhiainen, Elina,  |d 1988-  |7 jo2015864729  |4 aut 
245 1 0 |a Angry birds - Stella.  |p Willow na scénu /  |c [napsala Elina Rouhiainenová ; ilustrovala Diana Egeaová ; přeložila Hana Bělíková] 
246 3 0 |a Willow na scénu 
246 1 4 |a Angry Birds, Stella - deníček 
250 |a 1. vyd. 
260 |a Praha :  |b CooBoo,  |c 2015 
300 |a 103 s. :  |b il. (některé barev.) ;  |c 19 cm 
500 |a Přeloženo z angličtiny 
655 7 |a příběhy  |7 fd133204  |2 czenas 
655 7 |a publikace pro děti  |7 fd133156  |2 czenas 
655 9 |a stories  |2 eczenas 
655 9 |a children's literature  |2 eczenas 
700 1 |a Egea, Diana  |7 jo2015864739  |4 ill 
765 0 |t Willow takes the stage  |9 Česky 
910 2 |a BOA001  |b 1-1340.744 
928 9 |a Albatros Media - CooBoo 
990 |a BK 
995 |a 01 
991 |b 201503  |c NOV  |e db 
996 6 |b 2610625867  |c 1-1340.744  |l MZK  |r Sklad / do 1 hodiny  |n 2  |p p.v.  |w 001496564  |u 000010  |a 1  |e BOA001  |j MZK50  |s P